Gezgin Günce: : Britanya Defterleri/2008 (Record no. 3809)

000 -LEADER
fixed length control field 00525nam a22001937a 4500
008 - FIXED-LENGTH DATA ELEMENTS--GENERAL INFORMATION
fixed length control field 190819b o|||| |||| 00| |deng d
020 ## - INTERNATIONAL STANDARD BOOK NUMBER
International Standard Book Number 9789758855858
041 ## - LANGUAGE CODE
Language code of text/sound track or separate title Türkçe
050 ## - LIBRARY OF CONGRESS CALL NUMBER
Classification number PL248.T47
100 ## - MAIN ENTRY--PERSONAL NAME
9 (RLIN) 1134
Personal name Teoman, Ali
245 ## - TITLE STATEMENT
Title Gezgin Günce: : Britanya Defterleri/2008
250 ## - EDITION STATEMENT
Edition statement 1.Baskı
260 ## - PUBLICATION, DISTRIBUTION, ETC.
Place of publication, distribution, etc. İstanbul:
Name of publisher, distributor, etc. Kırmızı Yayınları,
Date of publication, distribution, etc. Şubat 2011
300 ## - PHYSICAL DESCRIPTION
Extent 206 Sayfa
650 #0 - SUBJECT ADDED ENTRY--TOPICAL TERM
9 (RLIN) 145
Topical term or geographic name entry element Türk Edebiyatı
650 #0 - SUBJECT ADDED ENTRY--TOPICAL TERM
9 (RLIN) 1685
Topical term or geographic name entry element Günlükler
650 #0 - SUBJECT ADDED ENTRY--TOPICAL TERM
9 (RLIN) 1684
Topical term or geographic name entry element Gezi Yazıları
942 ## - ADDED ENTRY ELEMENTS (KOHA)
Source of classification or shelving scheme
Koha item type Books
Holdings
Withdrawn status Lost status Source of classification or shelving scheme Damaged status Not for loan Permanent Location Current Location Shelving location Date acquired Full call number Barcode Date last seen Price effective from Koha item type
        Ödünç verilemez İmren Ahmet Tüzün Kütüphanesi İmren Ahmet Tüzün Kütüphanesi Ahmet Tüzün 2019-08-19 PL248.T47 100100003974 2019-08-19 2019-08-19 Books

This software was implemented, installed and managed by Devinim Software Training Consulting .